MEASUREMENT AND EVALUATION IN PSYCHOLOGY AND EDUCATION (Record no. 216714)
[ view plain ]
| 000 -LEADER | |
|---|---|
| fixed length control field | 00506nam a22001697a 4500 |
| 008 - FIXED-LENGTH DATA ELEMENTS--GENERAL INFORMATION | |
| fixed length control field | 260226b |||||||| |||| 00| 0 eng d |
| 020 ## - INTERNATIONAL STANDARD BOOK NUMBER | |
| International Standard Book Number | 978-1-29204-111-7 |
| 100 ## - MAIN ENTRY--PERSONAL NAME | |
| Personal name | THORNDIKE, CHRIST-THORNDIKE |
| 245 ## - TITLE STATEMENT | |
| Title | MEASUREMENT AND EVALUATION IN PSYCHOLOGY AND EDUCATION |
| 250 ## - EDITION STATEMENT | |
| Edition statement | 8TH EDITION |
| 260 ## - PUBLICATION, DISTRIBUTION, ETC. | |
| Place of publication, distribution, etc. | HARLOW |
| Name of publisher, distributor, etc. | PEARSON |
| Date of publication, distribution, etc. | 2014 |
| 300 ## - PHYSICAL DESCRIPTION | |
| Extent | II, 419P. |
| 500 ## - GENERAL NOTE | |
| General note | INCLUDES AN INDEX |
| 650 ## - SUBJECT ADDED ENTRY | |
| Topical term or geographic name entry element | EDUCATIONAL TESTS AND MEASUREMENTS, ABILITY TESTING |
| 942 ## - ADDED ENTRY ELEMENTS (KOHA) | |
| Source of classification or shelving scheme | Library of Congress Classification |
| Koha item type | Long Loan Book |
| Withdrawn status | Lost status | Source of classification or shelving scheme | Damaged status | Not for loan | Collection | Home library | Current library | Shelving location | Date acquired | Inventory number | Total checkouts | Full call number | Barcode | Date last seen | Copy number | Price effective from | Koha item type |
|---|---|---|---|---|---|---|---|---|---|---|---|---|---|---|---|---|---|
| Library of Congress Classification | Arts & Social Sciences | Kisii University Library | Kisii University Library | On Display | 02/26/2026 | 111608 | LC 1131 .T496 2014 | a000286 | 02/26/2026 | C.1 | 02/26/2026 | Long Loan Book | |||||
| Library of Congress Classification | Arts & Social Sciences | Kisii University Library | Kisii University Library | On Display | 02/26/2026 | 111609 | LC 1131 .T496 2014 | a000287 | 02/26/2026 | C.2 | 02/26/2026 | Long Loan Book | |||||
| Library of Congress Classification | Arts & Social Sciences | Kisii University Library | Kisii University Library | On Display | 02/26/2026 | 111610 | LC 1131 .T496 2014 | a000288 | 02/26/2026 | C.3 | 02/26/2026 | Long Loan Book | |||||
| Library of Congress Classification | Arts & Social Sciences | Kisii University Library | Kisii University Library | On Display | 02/26/2026 | 111611 | LC 1131 .T496 2014 | a000289 | 02/26/2026 | C.4 | 02/26/2026 | Long Loan Book |